Southville International School and Colleges
Your cart is empty.
  • Cart
  • Lists
    Public lists Eva Luna New books Lux_list list_1
    Your lists Log in to create your own lists
  • Log in to your account
  • Your cookies
  • Search history
Southville International School and Colleges
  • Advanced search
  • Recent comments
  • Most popular
  • Libraries

Log in to your account

Log in with GOOGLE


If you do not have an external account, but do have a local account, you can still log in:

  1. Home
  2. MARC view: I went walking /
Normal view MARC view ISBD view

I went walking / (Record no. 103946)

[ view plain ]
MARC details
000 -LEADER
fixed length control field 00684nam a2200205 a 4500
005 - DATE AND TIME OF LATEST TRANSACTION
control field 20140412111310.0
008 - FIXED-LENGTH DATA ELEMENTS--GENERAL INFORMATION
fixed length control field 010309s19uu xx 00 eng d
020 ## - INTERNATIONAL STANDARD BOOK NUMBER
International Standard Book Number 0-15-200471-8
050 ## - LIBRARY OF CONGRESS CALL NUMBER
Classification number TR(PS E
Item number Iw1 1989
100 ## - MAIN ENTRY--PERSONAL NAME
Personal name Williams, Sue
245 ## - TITLE STATEMENT
Title I went walking /
Statement of responsibility, etc written by Sue Williams ; illustrated by Julie Vivas.
260 ## - PUBLICATION, DISTRIBUTION, ETC. (IMPRINT)
Place of publication, distribution, etc San Diego :
Name of publisher, distributor, etc Voyager Books/Harcourt Brace & Company,
Date of publication, distribution, etc 1990.
300 ## - PHYSICAL DESCRIPTION
Extent 1 v. (unp.) ; ill.
520 ## - SUMMARY, ETC.
Summary, etc During the course of walk, a young boy identifies animals of different colors.
650 ## - SUBJECT ADDED ENTRY--TOPICAL TERM
Topical term or geographic name as entry element Walking - Fiction
650 ## - SUBJECT ADDED ENTRY--TOPICAL TERM
Topical term or geographic name as entry element Color -- Fiction
650 ## - SUBJECT ADDED ENTRY--TOPICAL TERM
Topical term or geographic name as entry element Animals -- Fiction
650 ## - SUBJECT ADDED ENTRY--TOPICAL TERM
Topical term or geographic name as entry element Stories in rhyme
Holdings
Withdrawn status Lost status Damaged status Home library Current library Shelving location Date acquired Source of acquisition Total Checkouts Full call number Barcode Date last seen Price effective from Koha item type
      Elizalde Library Elizalde Library Teachers Reference Section 03/09/2001     TR(PS E Iw1 1989 E6145 04/12/2014 04/12/2014 Books

I went walking /

APA

Williams S., . (1990). I went walking. San Diego: Voyager Books/Harcourt Brace & Company.

Chicago

Williams Sue, . 1990. I went walking. San Diego: Voyager Books/Harcourt Brace & Company.

Harvard

Williams S., . (1990). I went walking. San Diego: Voyager Books/Harcourt Brace & Company.

MLA

Williams Sue, . I went walking. San Diego: Voyager Books/Harcourt Brace & Company. 1990.

  • Place hold
  • Print
  • Cite
  • Add to your cart (remove)
  • Save record
    BIBTEX Dublin Core MARCXML MARC (non-Unicode/MARC-8) MARC (Unicode/UTF-8) MARC (Unicode/UTF-8, Standard) MODS (XML) RIS
  • More searches
    Search for this title in:
    Other Libraries (WorldCat) Other Databases (Google Scholar) Online Stores (Bookfinder.com) Open Library (openlibrary.org)

Exporting to Dublin Core...

SOUTHVILLE LIBRARY

Southville International School and Colleges Library

1281 Tropical Ave. Cor. Luxembourg St., BF Homes International, Las Pinas City

Tel. No. 8256374 / 252358 Loc. 117/146

Powered by Koha